00535nam a2200157Ia 4500003000500000005001700005008004100022020001500063050002300078100003100101245010800132260004900240300002400289500004100313650002300354PILC20160205074025.0140321s9999 xx 000 0 und d a9710412464 aBF 441b.V726 2013 aVillasoto, Herminigildo S. aLogic and critical thinking /cHerminigildo S. Villasoto, Leonardo E. Dollentas and Nestor G. Limqueco. aMandaluyong City :bBooks Atpb. Pub.,c2013. a288 pages ;c22 cm. aIncludes bibliographical references. aCritical thinking.